| 000 | 01058nam a22002777a 4500 | ||
|---|---|---|---|
| 999 |
_c22501 _d22501 |
||
| 003 | AR-CdUCM | ||
| 008 | 190409b ||||| |||| 00| 0 spa d | ||
| 020 | _a9786124126185 | ||
| 040 |
_aMUNICIPALIDAD PROVINCIAL DEL CUSCO _cBIBLIOTECA MUNICIPAL DEL CUSCO |
||
| 082 |
_a305.885621/L27 _bL27 _2Primera edición, Primera reimpresión. |
||
| 100 |
_aLa Serna Salcedo, Juan Carlos _948330 |
||
| 245 |
_aDioses y mercados de la fortuna : _brecorridos históricos del ekeko y las alasitas en el altiplano peruano / _cinvestigador, Juan Carlos La Serna Salcedo |
||
| 260 |
_aLima : _bMinisterio de Cultura, _c2017. |
||
| 300 |
_a210 páginas : _bil. col. ; _c23 cm. |
||
| 500 | _aBibliografía: páginas 195-210. | ||
| 650 |
_aEtnología _91915 |
||
| 650 |
_aFerias _948345 |
||
| 650 |
_aFolclore _93233 |
||
| 650 |
_aIndígenas del Perú _95715 |
||
| 650 |
_aVida y costumbres religiosas _948346 |
||
| 650 |
_aVida y costumbres sociales _9857 |
||
| 650 |
_aPuno _93897 |
||
| 710 |
_aMinisterio de Cultura Perú _948332 |
||
| 942 |
_2ddc _cLIBROS |
||
| 945 | _arac | ||